000 00522nam a2200181Ia 4500
008 090124s9999 xx 000 0 und d
082 _b28597
100 _aकुसुमाग्रज
245 _a पाथेय
250 _a1
260 _b"पॉप्युलर प्रकाशन ,बाँम्बे"
_c1989
300 _a95
600 _aकुसुमाग्रज
630 _a पाथेय
700 _aकुसुमाग्रज
730 _a पाथेय
942 _cBOOK
999 _c94552
_d94552